Normal view MARC view

Entry Personal Name

Number of records used in: 1

001 - CONTROL NUMBER

  • control field: 38366

003 - CONTROL NUMBER IDENTIFIER

  • control field: dpl

005 - DATE AND TIME OF LATEST TRANSACTION

  • control field: 20120105143547.0

008 - FIXED-LENGTH DATA ELEMENTS

  • fixed length control field: 120105|||a|||||| | ||| d

040 ## - CATALOGING SOURCE

  • Original cataloging agency: dpl
  • Transcribing agency: dpl

100 ## - HEADING--PERSONAL NAME

  • Personal name: McDonald, Megan

670 ## - SOURCE DATA FOUND

  • Source citation: Work cat.: (dpl): McDonald, Megan , Judy Moody declares independence ! /, 2006

670 ## - SOURCE DATA FOUND

  • Source citation: Work cat.: (dpl): McDonald, Megan , Judy Moody declares independence ! /, 2006

© Delhi Public Library
Hit Counter
free hit counter